Emprendimiento en el entorno digital: el lanzamiento de una startup (Registro nro. 11986)
[ vista simple ]
| 000 -Cabecera | |
|---|---|
| Campo de control de longitud fija | 01339nam a22004337a 4500 |
| 005 - Fecha y hora de la última transacción | |
| Campo de control | 20250819121812.0 |
| 008 - Elementos de longitud fija--Información general | |
| Campo de control de longitud fija | 190603b2018 xxu||||| |||| 00| 0 spa d |
| 020 ## - International Standard Book Number | |
| Número Internacional Estándar del Libro (ISBN) | 9786076229309 |
| 041 ## - Idioma | |
| Código de idioma | Español |
| 082 ## - Clasificación Decimal Dewey | |
| Número de clasificación | 658.409.2 R894e |
| 100 ## - Entrada principal--Autor personal | |
| Nombre personal | Ruana, Luis Alberto |
| 9 (RLIN) | 53943 |
| 100 ## - Entrada principal--Autor personal | |
| Nombre personal | Velasco, Rogelio |
| 9 (RLIN) | 53944 |
| 245 ## - Título propiamente dicho | |
| Título | Emprendimiento en el entorno digital: el lanzamiento de una startup |
| 260 ## - Pie de imprenta | |
| Lugar de publicación, distribución, etc. | México |
| 260 ## - Pie de imprenta | |
| Nombre del editor, distribuidor, etc. | Alfaomega |
| 260 ## - Pie de imprenta | |
| Fecha de publicación, distribución, etc. | 2018 |
| 300 ## - Descripción física | |
| Extensión | 238 páginas |
| 490 ## - Serie | |
| Título de la Serie | Dirección y Administración de empresas |
| 505 ## - Nota de contenido | |
| Nota de contenido | Contiene casos prácticos de estudio |
| 650 ## - Materia general | |
| Temática (materia general) | LIDERAZGO EJECUTIVO |
| 650 ## - Materia general | |
| Temática (materia general) | EMPRENDEDURISMO |
| 650 ## - Materia general | |
| Temática (materia general) | EMPRENDIMIENTO |
| 650 ## - Materia general | |
| Temática (materia general) | NEGOCIOS EN INTERNET |
| 650 ## - Materia general | |
| Temática (materia general) | ENTORNO DIGITAL |
| 650 ## - Materia general | |
| Temática (materia general) | TRANSFORMACIÓN DIGITAL DE LA EMPRESA |
| 650 ## - Materia general | |
| Temática (materia general) | CONSTITUIR UNA EMPRESA EN UN ENTORNO DIGITAL |
| 650 ## - Materia general | |
| Temática (materia general) | ACTITUDES EMPRENDEDORAS |
| 650 ## - Materia general | |
| Temática (materia general) | NETWORKING |
| 650 ## - Materia general | |
| Temática (materia general) | PLAN DE NEGOCIO |
| 650 ## - Materia general | |
| Temática (materia general) | MODELO DE NEGOCIO |
| 650 ## - Materia general | |
| Temática (materia general) | INVESTIGACIÓN DE MERCADOS |
| 650 ## - Materia general | |
| Temática (materia general) | FINANCIAMIENTO DE LA EMPRESA EN ENTORNO DIGITALES |
| 650 ## - Materia general | |
| Temática (materia general) | PRINCIPALES ERRORES DE LOS EMPRENDEDORES |
| 650 ## - Materia general | |
| Temática (materia general) | BOOTSTRAPPING |
| 650 ## - Materia general | |
| Temática (materia general) | GESTIÓN DEL FRACASO |
| 650 ## - Materia general | |
| Temática (materia general) | GESTIÓN DEL ÉXITO |
| 650 ## - Materia general | |
| Temática (materia general) | CASOS PRÁCTICOS |
| 942 ## - Punto de acceso adicional KOHA | |
| Tipo de ítem KOHA | Libro |
| Fuente del sistema de clasificación o colocación | Dewey Decimal Classification |
| Signatura completa | Código de barras | Programa Académico | Tipo de ítem |
|---|---|---|---|
| 658.409.2 R894e | 24383 | Dirección y Administración de Empresas | Libro |